Eastern Utah Libraries Catalog: Duchesne, Heber, Roosevelt, & Vernal

Wanderlust : (Record no. 413387)

MARC details
000 -LEADER
fixed length control field 02403cam a22004698i 4500
001 - CONTROL NUMBER
control field on1534519541
003 - CONTROL NUMBER IDENTIFIER
control field OCoLC
005 - DATE AND TIME OF LATEST TRANSACTION
control field 20251106155914.0
007 - PHYSICAL DESCRIPTION FIXED FIELD--GENERAL INFORMATION
fixed length control field t|
008 - FIXED-LENGTH DATA ELEMENTS--GENERAL INFORMATION
fixed length control field 250604s2025 cauab 001 0 eng d
015 ## - NATIONAL BIBLIOGRAPHY NUMBER
National bibliography number GBC595701
Source bnb
016 7# - NATIONAL BIBLIOGRAPHIC AGENCY CONTROL NUMBER
Record control number 300603938
Source Uk
020 ## - INTERNATIONAL STANDARD BOOK NUMBER
International Standard Book Number 9798886471649
Qualifying information hardback
024 8# - OTHER STANDARD IDENTIFIER
Standard number or code CIPO000270703
029 0# - (OCLC)
OCLC library identifier UKMGB
System control number 300603938
035 ## - SYSTEM CONTROL NUMBER
System control number (OCoLC)1534519541
040 ## - CATALOGING SOURCE
Original cataloging agency UKMGB
Language of cataloging eng
Description conventions rda
Transcribing agency UKMGB
Modifying agency OCLCO
-- JCX
-- OCLCO
049 ## - LOCAL HOLDINGS (OCLC)
Holding library WACL
082 04 - DEWEY DECIMAL CLASSIFICATION NUMBER
Classification number 910.202
Edition number 23
092 ## - LOCALLY ASSIGNED DEWEY CALL NUMBER (OCLC)
Classification number general nonfiction
Item number 910.2 Gloaguen, Philippe
100 1# - MAIN ENTRY--PERSONAL NAME
Personal name Gloaguen, Philippe,
Relator term author.
9 (RLIN) 6555343
245 10 - TITLE STATEMENT
Title Wanderlust :
Remainder of title a traveler's guide to the globe /
Statement of responsibility, etc Philippe Gloaguen.
250 ## - EDITION STATEMENT
Edition statement Second edition.
264 #1 - Production, Publication, Distribution, Manufacture, and Copyright Notice.
Place of production, publication, distribution, manufacture Oakland, CA :
Name of producer, publisher, distributor, manufacturer Avalon Travel,
Date of production, publication, distribution, manufacture, or copyr 2025.
300 ## - PHYSICAL DESCRIPTION
Extent 345 pages :
Other physical details illustrations (colour), maps (colour) ;
Dimensions 34 cm
336 ## - Content Type
Content type term text
336 ## - Content Type
Content type term still image
336 ## - Content Type
Content type term cartographic image
337 ## - Media type
Media type term unmediated
338 ## - Carrier type
Carrier type term volume
500 ## - GENERAL NOTE
General note Includes index.
520 ## - SUMMARY, ETC.
Summary, etc "Get inspired with lists of mythic locations, epic trails, ancient cities, and more that span the globe. This stunning, hardcover book is packed with full-color photos, charming illustrations, and fascinating overviews of each destination, making it the perfect gift for dreamers and adventurers alike. Walk along the Great Wall of China, climb the Atlas Mountains, or trek through Patagonia. Visit stunning national parks from Yellowstone in the US to Tongariro in New Zealand, explore the Gobi Desert, or set sail to the Greek Islands. Eat your way through the best street food cities in the world, follow wine trails from Spain to Australia, and shop famous markets from the Grand Bazaar to the Marrakech souks. Find the best places to stargaze from Chile to France, or witness jaw-dropping phenomena from reversing rivers and blooming deserts to fluorescent blue haze and the Aurora Borealis."--
650 #0 - SUBJECT ADDED ENTRY--TOPICAL TERM
Topical term or geographic name as entry element Travel
Form subdivision Guidebooks.
9 (RLIN) 6364688
650 #6 - SUBJECT ADDED ENTRY--TOPICAL TERM
Topical term or geographic name as entry element Voyages
Form subdivision Guides.
9 (RLIN) 6555344
650 #7 - SUBJECT ADDED ENTRY--TOPICAL TERM
Topical term or geographic name as entry element travel guidebooks.
Source of heading or term aat
9 (RLIN) 6300868
650 #7 - SUBJECT ADDED ENTRY--TOPICAL TERM
Topical term or geographic name as entry element Travel
Source of heading or term fast
655 #7 - INDEX TERM--GENRE/FORM
Genre/form data or focus term travel guidebooks.
Source of term aat
9 (RLIN) 6460759
655 #7 - INDEX TERM--GENRE/FORM
Genre/form data or focus term Guidebooks
Source of term fast
9 (RLIN) 5689508
655 #7 - INDEX TERM--GENRE/FORM
Genre/form data or focus term Guidebooks.
Source of term lcgft
9 (RLIN) 5689508
655 #7 - INDEX TERM--GENRE/FORM
Genre/form data or focus term Guides touristiques.
Source of term rvmgf
9 (RLIN) 6460760
942 ## - ADDED ENTRY ELEMENTS (KOHA)
Source of classification or shelving scheme Dewey Decimal Classification
Koha item type BOOK
Holdings
Withdrawn status Lost status Source of classification or shelving scheme Damaged status Not for loan Collection code Home library Current library Shelving location Date acquired Source of acquisition Total Checkouts Total Renewals Full call number Barcode Date last seen Date checked out Cost, replacement price Price effective from Koha item type
    Dewey Decimal Classification     General NonFiction Wasatch County Library Wasatch County Library Second Floor 11/06/2025 Ingram 2 5 910.2 Gloaguen 34301002104596 02/22/2026 12/17/2025 45.00 11/06/2025 BOOK
This project was made possible through a grant from the Institute of Museum and Library Service administered by the Utah State Library Division.

Wasatch County Library

  • 465 East 1200 South, Heber City, Utah 84032
  • Phone 435-654-1511 | Fax 435-654-6456

Hours

  • Monday - Friday 9:30 AM - 8:00 PM
  • Saturday 9:30 AM - 1:30 PM
  • Closed Sundays and Holidays